000 00609nam a2200193 a 4500
001 000035045
005 20200930074052.0
008 111024s1952 xxua 000 f eng d
040 _aDO-SdBNP
_bspa
_cBNPHU
082 _a813.52
_bW855L
100 1 _aWolfe, Thomas
_960682
245 1 0 _aLook homeward Ánge :
_ba story of the buried life /
_cThomas Wolfe.
260 _aNew York :
_bCharles Scribner´s Sons,
_c[1952].
300 _a662 p. :
_bil. ;
_c22 cm.
650 4 _aNovela estadounidense
_9262
650 4 _aLiteratura estadounidense
_9263
910 _aValidado. Control de calidad MFF
049 _aBNPD
999 _c34536
_d34536